000 00687nam a22001937a 4500
999 _c191876
_d191876
005 20220906124454.0
010 _aUR-11707
020 _a9789391238155
_c500.00
035 _aU-10262
037 _bDBAD/PUB
_a-
082 _a845
100 _aمشتاق احمد گناہی
245 _aخطبات اقبال کی عصری معنویّت /
_cمشتاق احمد گناہی
_hا ر د و
246 _aKhutbat-E-Iqbal ki Asri Manaviyyat /
_bby Mushtaq Ahmad Ganai
260 _aNew Delhi
_bEducational Publishing House
_c2021 ء
270 _aH.O. D1/16, Ansari Road, Daryaganj
_bNew Delhi
_e110002
300 _a328 ص
_c22cm(Hb)
942 _2ddc
_cUR
_h845
_mم ش ت